Cities that Start in P by Clue - Statistics

General Stats
  • This quiz has been taken 163 times
  • The average score is 14 of 20
Answer Stats
Clue City % Correct
Where the movies "Ratatouille", "Amélie" and "Hugo" are set Paris
96%
Where the U.S. constitution was written Philadelphia
88%
The executive capital of South Africa Pretoria
88%
Namesake of the 1968 "spring" (revolt) of Czechoslovakia Prague
86%
Where the Kim dynasty exercise their power Pyongyang
83%
It's either the biggest city in Oregon or Maine Portland
82%
Spanish city where you can run with the bulls Pamplona
81%
The Mayflower started its voyage to the New World here Plymouth
79%
The southern terminus of a strategic strait that connects the Atlantic and Pacific oceans Panama City
73%
This Asian capital on the Mekong River was formerly called "Krong Chaktomuk" Phnom Penh
73%
Located at the confluence of the rivers Monongahela, Allegheny and Ohio Pittsburgh
70%
Most populous city in the U.S. that is a capital of a state Phoenix
67%
This world capital was catastrophically affected by a devastating earthquake in 2010 Port-au-Prince
65%
Contains almost half of Suriname's population Paramaribo
63%
World's most isolated major city Perth
60%
Capital of Vanuatu Port Vila
53%
Capital of Brazil's southernmost state, Rio Grande do Sul - its name means "Joyful Harbor"' Porto Alegre
51%
U.S. state capital whose name refers to divine intervention in the world Providence
45%
Considered to be the "oil capital" of Nigeria Port Harcourt
38%
The ancient city of "Cholula" in this city was the oldest settlement in Mexico Puebla
37%
No matching quizzes found
Score Distribution
Percent of People with Each Score
Percentile by Number Answered
Your Score History
You have not taken this quiz